00358nam a2200133Ia 4500008004100000020001500041050002100056100001800077245003800095250001700133260003700150300002400187650001300211150128s9999 xx 000 0 und d a014062032X aCLA bV58a 1994 aVerne, Jules. aAround the world In eighty days / aJules Verne. aNew York:bPenguin Books,c1994. a245 pages :c18 cm. xFiction.